书目信息 |
| 题名: |
学会学习
|
|
| 作者: | 刁生富 著 | |
| 分册: | ||
| 出版信息: | 广州 暨南大学出版社 2002.04 |
|
| 页数: | 12, 428页 | |
| 开本: | 21cm | |
| 丛书名: | ||
| 单 册: | ||
| 中图分类: | G642.46 | |
| 科图分类: | ||
| 主题词: | 大学生--学习方法 , 大学生--学习心理学 | |
| 电子资源: | ||
| ISBN: | 7-81079-065-X | |
| 000 | 01001nam0 2200253 450 | |
| 001 | 0130537765 | |
| 005 | 20050916082949.37 | |
| 010 | @a7-81079-065-X@dCNY18.60 | |
| 100 | @a20031003d2002 km y0chiy0120 ea | |
| 101 | 0 | @achi |
| 102 | @aCN@b440000 | |
| 105 | @ay z 000yy | |
| 200 | 1 | @a学会学习@Axue hui xue xi@e大学生学习心理与学习方法@f刁生富著@Fdiao sheng fu zhu |
| 210 | @a广州@c暨南大学出版社@d2002.04 | |
| 215 | @a12, 428页@d21cm | |
| 314 | @a刁生富(1964~),河南南阳人,中国人民大学哲学博士。著有《信息时代的中国现代化》、《数字化生存的另一面》等。 | |
| 330 | @a本书分为适应大学、反思方法、系统学习、课外学习、IQ培养、EQ培养、学习时空、英语突破八编二十八章,探索了大学生学习的过程、规律、特点和影响因素。 | |
| 517 | 1 | @a大学生学习心理与学习方法@Ada xue sheng xue xi xin li yu xue xi fang fa |
| 606 | 0 | @a大学生@x学习方法 |
| 606 | 0 | @a大学生@x学习心理学 |
| 690 | @aG642.46@v4 | |
| 701 | 0 | @a刁生富@Adiao sheng fu@4著 |
| 801 | 0 | @aCN@bQSSK@c20050916 |
| 905 | @a10447@dG642.46@eD499 | |
| 学会学习:大学生学习心理与学习方法/刁生富著.-广州:暨南大学出版社,2002.04 |
| 12, 428页;21cm |
| ISBN 7-81079-065-X:CNY18.60 |
| 本书分为适应大学、反思方法、系统学习、课外学习、IQ培养、EQ培养、学习时空、英语突破八编二十八章,探索了大学生学习的过程、规律、特点和影响因素。 |
| ● |
| 相关链接 |
|
|
|
正题名:学会学习
索取号:G642.46/D499
 
预约/预借
| 序号 | 登录号 | 条形码 | 馆藏地/架位号 | 状态 | 备注 |
| 1 | 570655 | 205706556 | 社科库409/409社科库 11排1列4层/ [索取号:G642.46/D499] | 在馆 | |
| 2 | 570656 | 205706565 | 社科库409/409社科库 11排1列4层/ [索取号:G642.46/D499] | 在馆 | |
| 3 | 570657 | 205706574 | 社科库409/409社科库 11排1列4层/ [索取号:G642.46/D499] | 在馆 |